[Event "Roncana op-B 12th"]
[Site "Santa Eulalia de Roncana"]
[Date "2018.11.03"]
[Round "5"]
[White "Martin Salguero, David"]
[Black "Fernandez Herrera, Aleix"]
[Result "0-1"]
[WhiteElo "1671"]
[BlackElo "1390"]
[PlyCount "88"]
[EventDate "2018.09.29"]
[EventType "swiss"]
[EventRounds "8"]
[EventCountry "ESP"]
[SourceTitle "EXT 2022"]
[Source "ChessBase"]
[SourceDate "2021.10.06"]
[SourceVersion "1"]
[SourceVersionDate "2021.10.06"]
[SourceQuality "1"]

1. d4 d5 2. Bf4 Nf6 3. Nf3 c5 4. e3 Nc6 5. c3 e6 6. Nbd2 Qb6 7. Qc2 Bd7 8. Bd3 Be7 9. Ne5 Rd8 10. h3 c4 11. Be2 Qa5 12. 0-0 h6 13. Nxd7 Rxd7 14. e4 Nh7 15. exd5 exd5 16. Bg4 Rd8 17. Rfe1 0-0 18. Nf3 Bd6 19. Ne5 Qc7 20. Re2 Nf6 21. Bf3 Rfe8 22. Rae1 Re7 23. Qf5 Rde8 24. Bxh6 Nxe5 25. dxe5 Rxe5 26. Rxe5 Rxe5 27. Rxe5 Bxe5 28. Be3 b6 29. Qc2 Qc6 30. Bg5 Nh7 31. Be3 Qe6 32. Bg4 Qe7 33. Qd2 Qd6 34. f4 Bf6 35. Bf3 Be7 36. Bxd5 Qc7 37. Qe2 b5 38. Bf3 Nf8 39. f5 Nd7 40. Bd4 Bc5 41. Kh1 Kf8 42. Bxc5+ Nxc5 43. g4 Nd3 44. Kg2 Nf4+ 0-1

[Event "Barcelona La Lira op 36th"]
[Site "Barcelona"]
[Date "2018.02.23"]
[Round "6.17"]
[White "Garcia Vidal, Emili"]
[Black "Martin Salguero, David"]
[Result "0-1"]
[WhiteElo "1475"]
[BlackElo "1788"]
[PlyCount "34"]
[EventDate "2018.01.19"]
[EventType "swiss"]
[EventRounds "8"]
[EventCountry "ESP"]
[SourceTitle "EXT 2024"]
[Source "ChessBase"]
[SourceDate "2023.10.10"]
[SourceVersion "1"]
[SourceVersionDate "2023.10.10"]
[SourceQuality "1"]

1. f4 d5 2. Nf3 Nf6 3. e3 e6 4. d4 c5 5. Bb5+ Bd7 6. Bxd7+ Nbxd7 7. c3 Be7 8. Nbd2 0-0 9. 0-0 cxd4 10. cxd4 Rc8 11. Ne5 Qc7 12. b3 Qc2 13. Nef3 Ng4 14. Qe2 Qc3 15. Ne5 Ndxe5 16. fxe5 Nxe3 17. Rf3 Qxa1 0-1

[Event "Roncana op-B 9th"]
[Site "Santa Eulalia de Roncana"]
[Date "2015.10.24"]
[Round "3"]
[White "Martin Salguero, David"]
[Black "Romano Cases, Jordi"]
[Result "1-0"]
[WhiteElo "1828"]
[BlackElo "1741"]
[PlyCount "41"]
[EventDate "2015.10.03"]
[EventType "swiss"]
[EventRounds "8"]
[EventCountry "ESP"]
[SourceTitle "EXT 2017"]
[Source "ChessBase"]
[SourceDate "2016.10.25"]
[SourceVersion "1"]
[SourceVersionDate "2016.10.25"]
[SourceQuality "1"]

1. e4 e5 2. Nf3 Nf6 3. Bc4 Nc6 4. 0-0 Bc5 5. c3 a6 6. d4 exd4 7. cxd4 Ba7 8. Bg5 h6 9. Bh4 g5 10. Bg3 b5 11. Bb3 Bb7 12. Nc3 g4 13. Ne5 Nxe5 14. Bxe5 d6 15. Bxf6 Qxf6 16. e5 Qg7 17. Re1 0-0-0 18. Rc1 dxe5 19. Qc2 exd4 20. Nxb5 axb5 21. Qxc7# 1-0

[Event "Roncana op-B 9th"]
[Site "Santa Eulalia de Roncana"]
[Date "2015.10.17"]
[Round "2"]
[White "Cervello Tost, Jordi"]
[Black "Martin Salguero, David"]
[Result "0-1"]
[WhiteElo "1721"]
[BlackElo "1828"]
[PlyCount "62"]
[EventDate "2015.10.03"]
[EventType "swiss"]
[EventRounds "8"]
[EventCountry "ESP"]
[SourceTitle "EXT 2017"]
[Source "ChessBase"]
[SourceDate "2016.10.25"]
[SourceVersion "1"]
[SourceVersionDate "2016.10.25"]
[SourceQuality "1"]

1. e4 c6 2. d4 d5 3. exd5 cxd5 4. Bb5+ Bd7 5. Bxd7+ Nxd7 6. Nc3 Ngf6 7. Bg5 e6 8. Nf3 Be7 9. 0-0 0-0 10. Re1 a6 11. Qd3 b5 12. a3 Nb6 13. b3 Rc8 14. Bxf6 Bxf6 15. Ne2 Qc7 16. Rec1 g6 17. Ra2 Bg7 18. Ng5 Bh6 19. f4 Qd6 20. Qh3 Kg7 21. Rf1 Qe7 22. Qe3 Rc6 23. c3 f6 24. Nh3 Nd7 25. Nf2 e5 26. Ng4 Rf7 27. Nxh6 Kxh6 28. fxe5+ Kg7 29. exf6+ Rcxf6 30. Qc1 Rxf1+ 31. Qxf1 Qe3+ 0-1

[Event "Maresme op 9th"]
[Site "Maresme"]
[Date "2012.09.29"]
[Round "1"]
[White "Pacheco Jimenez, Jose Ramon"]
[Black "Martin Salguero, David"]
[Result "1-0"]
[WhiteElo "1878"]
[BlackElo "1700"]
[PlyCount "46"]
[EventDate "2012.09.29"]
[EventType "swiss"]
[EventRounds "9"]
[EventCountry "ESP"]
[SourceTitle "EXT 2014"]
[Source "ChessBase"]
[SourceDate "2013.11.20"]
[SourceVersion "1"]
[SourceVersionDate "2013.11.20"]
[SourceQuality "1"]

1. d4 d5 2. Nf3 Nf6 3. h3 c5 4. dxc5 e6 5. b4 Nc6 6. c3 Be7 7. Bf4 0-0 8. Nbd2 b5 9. cxb6 Qxb6 10. e3 Ba6 11. Be2 Nh5 12. Bh2 Bxe2 13. Qxe2 Rac8 14. 0-0 Bf6 15. Rac1 g6 16. a3 Rfe8 17. Nd4 Ne5 18. Bxe5 Bxe5 19. N2f3 Bg7 20. c4 dxc4 21. Rxc4 Qa6 22. Rxc8 Qxe2 23. Rxe8+ Bf8 1-0